000 01826nam a2200277Ia 4500
999 _c51759
_d51759
001 18751
003 GE_BSU
005 20210412164744.0
008 181216s2015||||ge |||||||||||||| ||geo||
040 _cGE_BSU
041 _ageo
080 _a 61 მ-54
100 _aმელია, ლარისა
_911235
245 _aსიმულტანური ოპერაციების ეფექტურობა სამეანო-გინეკოლოგიურ პრაქტიკაში = Efficiency Of Simultaneous Operations In Practice Oвstetrics And Gynecology /
_cლარისა მელია; სამეცნიერო ხელმძღვანელები: ნიკოლოზ კინტრაია, ბაადურ მოსიძე; თბილისის სახელმწიფო სამედიცინო უნივერსიტეტი.
264 _aთბილისი,
_b
_c2015.
300 _a164 გვ.
_b30 სმ.
653 _aდისერტაცია
653 _aმედიცინა
653 _aსიმულტანური ოპერაციების ეფექტურობა სამეანო-გინეკოლოგიურ პრაქტიკაში
653 _aგინეკოლოგია
653 _aმეანობა
700 _a კინტრაია, ნიკოლოზ
_e სამეცნიერო ხელმძღვანელი
_911236
700 _aმოსიძე, ბაადურ
_eსამეცნიერო ხელმძღვანელი
_911237
710 _aთბილისის სახელმწიფო სამედიცინო უნივერსიტეტი
_99697
942 _cBK
_2udc